000 01834cam a2200397 a 4500
001 6052
003 FISKH
005 20250602092324.0
008 070510s2007 txua j 000 0 eng
010 _a 2007019441
020 _a1933693134
020 _a9780545101400
020 _a9781933693132
040 _aDLC
_cDLC
_dBAKER
_dBTCTA
_dSAP
_dTEF
_dDLC
_beng
050 _aNK845.O2 W45
082 _a745.0972
100 1 _aWeill, Cynthia.
245 1 0 _aABeCedarios :
_bMexican folk art ABCs in English and Spanish /
_cCynthia Weill and K.B. Basseches ; wood sculptures from Oaxaca by Moisés and Armando Jiménez.
260 _aNew York :
_bScholastic,
_c2007
300 _a32 unnumbered pages :
_bcolor illustrations ;
_c20 cm
505 _aNP
520 _aEste libro ilustrado para niños presenta el alfabeto usando esculturas de animales talladas de madera y pintadas por la familia Jiménez, descendientes de Manuel Jiménez de Oaxaca, un fundador de ese tipo de arte folklórico.
520 _aThis illustrated book for children introduces the alphabet, using painted wooden sculptures of animals made by the Jiménez family, descendents of Manuel Jiménez from Oaxaca, one of the founders of this type of folk art.
521 8 _a70
_bLexile estimate
521 8 _aaa
_bRaz-Plus
546 _aParallel English and Spanish texts = Textos paralelos en inglés y español.
650 0 _aFolk art
_zMexico
_zOaxaca (State)
_vJuvenile literature.
650 0 _aAlphabet in art
_vJuvenile literature.
650 0 _aAlphabet books
_vJuvenile literature.
650 1 _aSpanish language materials
_xBilingual.
653 _aMateriales bilingües en español e inglés.
700 1 _aBasseches, K. B.
_eAuthor
906 _a7
_bcbc
_corignew
_d1
_eecip
_f20
_gy-gencatlg
942 _2ddc
_cBK
_n0
999 _c6052
_d6052